| 000 | 00327nab a22001097u 4500 | ||
|---|---|---|---|
| 008 | 130520b1982 xxu||||| |||| 00| 0 spa d | ||
| 041 | _aspa | ||
| 100 | 1 |
_aBellini, P. _967254 |
|
| 245 | 0 | 0 |
_aLos países concordatarios de Europa meridional _cP. Bellini |
| 773 | 0 |
_tConcilium _gV.3,1982,págs.68-74 _x0210-1041 _wRev134 |
|
| 942 | _cAR | ||
| 999 |
_c354881 _d354881 |
||